[Event "VAS 5 - Caissa 6  3-5"]
[Site "?"]
[Date "2019.02.21"]
[Round "7"]
[White "Van Dam, Niels"]
[Black "Witt, Rob"]
[Result "0-1"]
[WhiteElo "2076"]
[BlackElo "2116"]
[Annotator "Witt"]
[PlyCount "122"]
[EventDate "2019.??.??"]

{In de 7e ronde trof koploper Caïssa 6 de ratingfavoriet VAS 5. Ik viel in
voor de zieke Abe Willemsma. Tegenstander was Niels van Dam die tot voor kort
werkte bij 'Het Paard' en die dus weet welke schaakboeken ik daar de laatste
jaren aangeschaft heb.} 1. e4 e6 2. d4 d5 3. Nd2 c5 4. Ngf3 cxd4 {Zo speel ik
het de laatste tijd.} ({Ik heb slechte ervaringen met de 'Universal French'
die ontstaat na} 4... Nf6 5. e5 Nfd7 6. c3 Nc6 7. Bd3) 5. Nxd4 ({Een andere
hoofdvariant is} 5. exd5 Qxd5 {waar ik overigens ook niet zulke goede
ervaringen mee heb.}) 5... Nf6 ({Populairder is} 5... Nc6 6. Bb5 Bd7 7. Nxc6
bxc6 8. Bd3 {wat je regelmatig op het bord ziet bij Arno Bezemer.}) 6. Bd3 {
Na 9 minuten.} ({Ik weet niet beter dan dat iedereen hier} 6. exd5 {speelt.
Zwart kan dan zowel met de dame als het paard terugslaan en misschien is 6....
a6 ook een zet.}) 6... Qb6 $6 {Na 12 minuten een zet waar ik achteraf niet
tevreden over ben. Er waren verschillende mogelijkheden.} ({Speelbaar is
ongetwijfeld} 6... Nc6 7. Nxc6 bxc6 8. O-O {en in vergelijking met de variant
bij zet 5 is het misschien een voordeel dat mijn loper nog op c8 staat en niet
op d7. Maar ik had het idee dat er iets anders moet zijn na wit's
ongebruikelijke 6e zet.}) ({Ik keek ook naar} 6... Bc5 7. N4b3 {maar hier
overwoog ik alleen loperzetten en niet} dxe4 {wat best aardig lijkt na} 8. Nxc5
exd3 9. Nxd3) ({Een andere mogelijkheid was} 6... e5 $5 {Ik weet niet meer
waarom ik dit verworpen heb. Achteraf lijkt me dit de beste zet. Bijv.} 7. N4f3
dxe4 8. Nxe4 Nxe4 9. Bxe4 Qxd1+ 10. Kxd1 f6 {en zwart heeft niets te klagen.})
7. N4b3 {Na 12 minuten.} ({Op} 7. c3 {plande ik} Bc5 {maar de engine geeft
terecht aan dat het veel te gevaarlijk is om een pion te winnen na} 8. O-O $1)
7... Nc6 {Na 7 minuten.} 8. O-O Ne5 {Na 5 minuten niet de beste zet volgens de
engine maar zelf was ik tevreden met deze vondst. Ik ga voor het loperpaar ook
al gaat dit ten koste van mijn ontwikkeling.} 9. exd5 {Na 10 minuten. Wit nog
53 minuten, zwart ruim een uur.} Nxd3 10. Nc4 Qb5 ({Ik had gezien dat} 10...
Qd8 {minder goed was wegens} 11. dxe6 $1) ({Misschien was mijn oorspronkelijke
gedachte} 10... Qc7 {het beste.}) 11. Qxd3 Qxd5 12. Qe2 Be7 13. Rd1 {40'} Qe4
14. Be3 (14. Qxe4 {kwam ook in aanmerking.}) 14... O-O 15. Rd4 Qf5 16. Rad1 {
Na 6 minuten.} ({Ik verwachtte} 16. Nd6 {en had nog niet besloten of ik die
zou slaan of dat ik mijn andere loper zou laten slaan.}) 16... b6 {Na 5 minten.
} ({Een belangrijk alternatief was} 16... e5 {maar dan heb ik niet meer veld
d5 als steunpunt voor mijn paard.}) 17. Rf4 $2 {Na 8 minuten.} ({Wit had
moeten kiezen voor} 17. Nd6 Bxd6 18. Rxd6 Bb7 $11 ({of misschien} 18... e5))
17... Qh5 {Wit kan nu dameruil nauwelijks voorkomen en zwart staat beter.} 18.
Qxh5 {Na 6 minuten, wit nog 20 minuten, zwart 50 minuten.} Nxh5 19. Re4 {16'} (
{Niels speelde waarschijnlijk niet} 19. Rfd4 {wegens} Bf6 {maar de tekstzet is
niet beter.}) 19... Bb7 {Ik heb eindelijk mijn ontwikkeling voltooid, maar
waarschijnlijk waren hier betere zetten.} (19... f5 $5) (19... Nf6 20. Red4 {
zal de bedoeling zijn geweest van wit's vorige zet.}) 20. Red4 {Ik was
tevreden dat de dames van het bord waren en dacht nu dat mijn loperpaar het
beste kon renderen als de torens van het bord gingen. Daarom speelde ik zonder
nadenken} Rfd8 $2 {Geeft het voordeel weg.} ({Terecht vroeg Niels na afloop
waarom ik niet koos voor} 20... Bf6 {en dat is natuurlijk veel beter.}) 21.
Rxd8+ Rxd8 22. Rxd8+ Bxd8 23. Nd6 {Nu realiseerde ik mij pas dat de zwarte
stelling helemaal niet zo makkelijk speelt.} Ba6 {Er was geen keus.} 24. c4 $2
{A tempo gespeeld.} ({Veel sterker was} 24. Nd4 $1 Bc7 25. N6b5 {en zwart
heeft niet beter dan} Bxb5 26. Nxb5 Bb8 {en als iemand beter staat is dat wit.}
) 24... Bc7 25. c5 $2 {Na 4 minuten. Dat was kennelijk het idee van de vorige
zet.} ({Noodzakelijk was} 25. Nb5 Bxb5 26. cxb5 e5 {al heeft zwart de betere
kansen.}) 25... Nf6 {Na 10 minuten.} 26. a4 {Na 6 minuten. Wit nog 4 minuten.}
Kf8 {Na 10 minuten het juiste plan. Mijn koning moet snel naar e7. Zwart nog
25 minuten.} 27. Bd4 $6 {Na deze matige maar en voor mij onverwachte zet had
Niels minder dan een minuut. Of het hierdoor kwam weet ik niet, maar
plotseling zag ik af van het geplande Ke7 en speelde vlot} Bxd6 $2 {De zet is
op zich niet eens heel slecht maar ik speelde het met het verkeerde idee dat
ik de pion ging winnen met Kd7 en Pe8.} ({Ik had gewoon moeten vasthouden aan
mijn oorspronkelijke plan} 27... Ke7 {met goede winstkansen. Ik geloof dat ik
het naliet wegens} 28. Be5 {maar dan speelt zwart simpel} Ne8 {en staat
vrijwel op winst.}) 28. cxd6 Ke8 $2 {Pas deze zet die ik a tempo speelde,
geeft het voordeel volledig weg.} ({Ik heb nog steeds goede winstkansen na
bijv.} 28... Nd7 29. f4 f6 {gevolgd door Kf7, e5 en Ke6.}) 29. a5 $1 {Ik
besefte dat ik het verknoeid heb. Ik trok nu 5 minuten uit om mij in te
stellen op de nieuw ontstane situatie. Niels speelt vanaf nu puur op zijn 15
seconden increment en ik moet dus de partij gaande houden in de hoop dat hij
een keer instort. Het heeft weinig zin om het vervolg te analyseren.} Kd7 {19'}
30. axb6 axb6 31. Bxb6 Kxd6 32. Bd4 e5 33. Bc5+ Kd5 34. Bf8 Ne8 35. Nc5 Bc8 36.
b4 Kc6 (36... Kc4 {leek me meteen remise na} 37. Ne4 {met het idee Pd6.}) 37.
f3 g6 38. Kf2 Nc7 39. Nd3 f6 40. Ke3 Nd5+ {17'} 41. Kd2 Bf5 (41... h5) 42. g4
Bc8 {15'} 43. Kc2 (43. g5 $1) 43... Ba6 44. h4 Bb5 45. Kd2 Kd7 46. Bc5 Bc6 47.
Ke2 Ke6 48. Kf2 Bb5 49. Ne1 f5 50. Ng2 Nc3 {11'} 51. Ne3 f4 52. Nc2 Kd5 53. Bf8
Bd3 54. Ne1 Bb1 {Het is best vermoeiend als je tegenstander alleen op
increment speelt en je zelf nog moet noteren. Vooral als je geen concreet
winstplan ziet en de ander niet teveel tijd wil gunnen.} (54... Nd1+ $1 {
bood nog kansen.}) 55. h5 e4 {8' Objectief gezien geen serieuze winstpoging
maar ik zag een variant schemeren waar Niels het fout kon doen.} 56. hxg6 hxg6
57. Ng2 {Hier hoopte ik op, al blijft het remise.} (57. Bh6 $11) 57... g5 58.
Bh6 exf3 59. Kxf3 Be4+ 60. Kf2 Nd1+ {Deze stelling had ik voor ogen toen ik
tot 55.... e4 besloot. Wit heeft vier koningszetten waarvan er drie verliezen.
En met de remise binnen handbereik stort alsnog in. Hij zag dat zowel Kg1 als
Kf1 verliezen en toen de seconden wegtikten deed hij in paniek} 61. Ke2 $4 ({
Wit maakt remise met} 61. Ke1 $11 {want} f3 {wint niet wegens} 62. Nf4+) (61.
Kf1 f3 62. Ne1 Ne3+ 63. Kg1 f2+ 64. Kxf2 Nxg4+ 65. Ke2 Nxh6 $19) 61... f3+ {
En Niels feliciteerde me. We wonnen deze belangrijke wedstrijd met 5-3. Een
mooie prestatie want VAS 5 was op papier met gemiddeld 2191 aanzienlijk
sterker dan Caïssa 6 (2117).} 0-1

[Event "Fontaine - Jean Jaures 6-2"]
[Site "?"]
[Date "2019.02.24"]
[Round "8"]
[White "Witt, Rob"]
[Black "Marechal, Andy"]
[Result "0-1"]
[WhiteElo "2133"]
[BlackElo "2352"]
[Annotator "Witt"]
[PlyCount "66"]
[EventDate "2019.??.??"]

{In de 8e ronde een verre uitwedstrijd tegen het sterke Fontaine die 2e staat
in de competitie. We speelden weer in zo'n typisch Belgische lokatie. Een veel
te volle en luidruchtige zaal met slecht meubilair en materiaal. Bij buurman
Alje had ik moeite om de zwarte en witte lopers uit elkaar te houden.} 1. c4 e5
2. g3 Nc6 3. Nc3 f5 {Een interessant en mijns inziens wat onderschat systeem.
Ik kreeg het onlangs voor het eerst op het bord in een interne partij tegen
Jasel Lopez.} 4. Nf3 {Volgens Marin is dit nauwkeuriger dan Lg2, maar niet
iedereen deelt die mening want 4.Lg2 wordt 10x zoveel gespeeld als de tekstzet.
Ik had dit een beetje voorbereid aan de hand van een paar partijen van mijn
tegenstander.} Nf6 ({Jasel speelde tegen mij} 4... g6 5. d4 e4 {en nu speelde
ik} 6. d5 $146 {wat tot mijn verbazing een nieuwtje bleek. De partij werd vrij
snel remise.}) 5. d4 e4 6. Nh4 g6 ({In de partijen van mijn tegenstander volgde
} 6... d6 {Een zet die ook diverse keren door mijn Belgische clubgenoten
Ikonnikov en Hans Groffen gespeeld is. De laatste speelde dit nog 2x onlangs
in Hastings. In de meeste partijen gaat wit dan verder met Lh3 om g6 af te
dwingen, maar ik zou met Pg2 hebben voortgezet.}) 7. Bg5 Bg7 8. Qd2 O-O {
Deze stelling kwam me nog vaag bekend voor. Ik herinnerde mij een commentaar
dat wit nu geen rekening hoeft te houden met h6.} 9. Ng2 {Na 10 minuten wist
ik eigenlijk nog niet wat het beste zou zijn en deed ik er maar eentje. Ook
achteraf zou ik niet weten wat hier de beste zet is.} (9. Nd5 Ne7 10. Nxf6+
Bxf6 11. Bxf6 Rxf6 12. d5 (12. Ng2 b5 13. e3 bxc4 14. Bxc4+ d5 15. Be2 a5 16.
h4 Rb6 17. Rc1 Ba6 18. Bxa6 Raxa6 19. Nf4 {Le Quang,K (2236)-Groffen,H (2152)
Belgium 2015 (30.½-½).}) 12... d6 (12... b5 $5) 13. Ng2 Bd7 14. h4 c6 15. h5
cxd5 16. hxg6 Nxg6 17. e3 Rf7 (17... Ne5 $1 $17) 18. O-O-O {1-0 (52) Potkin,V 
(2597)-Mchedlishvili,M (2610) St Petersburg 2018}) (9. Bg2 {is misschien de
beste.}) (9. f3 {kwam ook in aanmerking.}) 9... Ne7 {[%eval 122,0] In deze
stelling nieuw maar een bekende manoeuvre. Zwart wil zijn centrum versterken
met c6 en d5.} (9... d6 10. h4 Qe8 11. Bxf6 Bxf6 12. e3 Ne7 13. Nf4 c6 14. Be2
Bd7 15. Kf1 Qf7 16. Kg2 {0-1 (66) Jochens,A (2238)-Kessler,L (2416)
Wuerttemberg 2017}) 10. d5 $6 {Na 7 minuten deze minder goede zet.} ({Ik zou
nu de voorkeur geven aan} 10. h4 c6 11. Nf4) 10... a6 {Na 8 minuten.} 11. a3 $6
{Na bijna een kwartier. Ik wilde een eventueel b5 met c5 kunnen beantwoorden
zonder lastig te worden gevallen door b4. Ik had hier iets anders moeten doen.
Waarschijnlijk Pf4 of h4 of misschien d6!?} Rb8 $2 {Na 11 minuten.} ({Goed was
} 11... d6 {met gelijke kansen.}) 12. Rd1 $2 {Na 7 minuten.} ({Ik had hier
toch echt moeten voortzetten met} 12. d6 $1 {wat ook mijn eerste gedachte was.
Ik geloof dat ik een beetje in verwarring raakte door de mogelijkheid} Nc6 {
En hier miste ik het sterke} 13. Ne3 $1 $14 {Ik heb overigens de hele partij
gemist dat dit paard ook naar e3 kan en niet alleen naar f4.} (13. dxc7 Qxc7
$13)) 12... d6 {Na 8 minuten. Zwart staat nu iets beter.} 13. Bh6 $2 {Na 6
minuten. Wit nog 3 kwartier, zwart 55 minuten. Hier wreekt zich dat ik in een
opening terecht ben gekomen waarmee ik nauwelijks ervaring heb. De stellingen
zijn positioneel gecompliceerd en ik heb al veel meer tijd verbruikt dan ik
gewend ben zonder de stellinhen echt te doorgronden.} (13. h4) 13... b5 ({
Sterker was eerst} 13... Bxh6 14. Qxh6 {en dan pas} b5) 14. Bxg7 Kxg7 15. e3 $2
{Zo'n beetje de eerste zet die ik snel speelde. Ik zag natuurlijk wel dat een
paar witte velden zwak worden, maar ik dacht dat het wel kon.} (15. cxb5 axb5
16. b4 {ging nog wel, al geef ik de voorkeur aan zwart.}) 15... g5 {Dit hele
idee heb ik gemist. Zwart wil zijn Pe7 omspelen naar e5. Ik had alleen maar
gekeken naar het omspelen van Pf6 via g4 naar e5. Zelfs hier zag ik Pg6 nog
niet aankomen.} ({Nog sterker was eerst} 15... bxc4 16. Bxc4 {en dan pas} g5)
16. b4 $2 ({Ik had} 16. cxb5 axb5 17. Bxb5 Nexd5 18. Be2 $15 {moeten proberen.}
) 16... Ng6 17. Be2 Ne5 {Zwart staat hier op winst.} 18. c5 $2 {Ik zag niets
meer.} ({Noodzakelijk was het droevige} 18. Kf1) 18... Nf3+ 19. Bxf3 exf3 {
Ik had hier kunnen opgeven, maar wijs geworden door mijn wonderlijke
ontsnapping in de knsb tegen Jan Jaap Janse, vervolgde ik met} 20. Nf4 {
Beide spelers nog ruim een half uur.} gxf4 21. exf4 Qe8+ 22. Kf1 dxc5 23. bxc5
b4 24. axb4 Rxb4 25. Re1 Qh5 26. h3 Re8 27. Kg1 Rd4 28. Qc1 Rc4 29. Qa1 Rxe1+
30. Qxe1 Qe8 31. Qa1 Qe7 32. d6 cxd6 33. Nd5 Qe6 {En nu had ik er echt genoeg
van. Met 4 remises en 4 nederlagen verloren we de wedstrijd met 6-2 wat
precies de elo prognose was.} 0-1

[Event "Caissa Intern 2018-2019"]
[Site "?"]
[Date "2019.02.26"]
[Round "2.7"]
[White "Wunnink, Michael"]
[Black "Witt, Rob"]
[Result "1/2-1/2"]
[WhiteElo "2223"]
[BlackElo "2133"]
[Annotator "Witt"]
[PlyCount "46"]
[EventDate "2019.??.??"]

1. e4 {De eerste verrassing.} e6 2. d4 d5 3. exd5 {De 2e verrassing.} exd5 4.
Nf3 ({Meteen} 4. c4 {geldt als minder nauwkeurig wegens} Bb4+ {Dat heeft de
Letse grootmeester Miezis niet verhinderd om dit ruim 200 keer te spelen. In
Het Pinkstertoernooi van Bussum 2004 was ik een van zijn slachtoffers.}) ({Op} 
4. Bd3 {kan zwart desgewenst de symmetrie doorbreken met} c5 $5 ({of gewoon
verder ontwikkelen met} 4... Nc6 5. c3 Bd6 6. Nf3 Nge7)) 4... Bd6 ({Op} 4...
Nf6 {speelt wit niet c4 maar} 5. Bd3) (4... Bg4 5. h3 Bh5 6. Qe2+ {is bekend
van een partij ½-½ (58) Kasparov,G (2770)-Short,N (2660) Tilburg 1991 (58.
½-½).}) ({Het scherpe} 4... Nc6 5. Bb5 Bd6 6. c4 dxc4 7. d5 a6 8. Ba4 b5 9.
dxc6 bxa4 {heb ik lang geleden wel eens op het bord gehad.}) 5. c4 Nf6 6. Nc3 {
[%eval 122,0]} O-O {[%eval 128,0] Ik had me een keer voorgenomen om het zo te
spelen. De bedoeling is dat zwart de pion terugwint of voldoende compensatie
heeft. Maar meer weet ik niet.} ({Het alternatief is} 6... dxc4 7. Bxc4 O-O 8.
O-O Nc6) 7. cxd5 Nbd7 8. Be2 {[%eval 109,0]} ({Michael had lang nagedacht over
de tekstzet of het alternatief} 8. Bg5 {Na} h6 9. Bh4 Nb6 10. Be2 Be7 {kan
dezelfde stelling als in de partij ontstaan met h6 al extra zet.}) 8... Nb6 ({
Nauwkeuriger is waarschijnlijk} 8... h6 9. O-O Nb6 $11) 9. Bg5 Be7 10. Bxf6
Bxf6 11. Qb3 Re8 {Na een kwartier. Ik had na afloop het idee dat dit een
verloren zet is.} (11... Bg4 12. O-O Bxf3 13. Bxf3 Bxd4 {is een paar keer
gespeeld.}) ({En ook} 11... a5 {wat Michael liet zien. Alle 10 partijen in de
database gaan nu verder met} 12. a4 (12. O-O a4 13. Qb5 {is echter ook een
mogelijkheid.})) 12. O-O Bg4 13. a4 {Na ruim een kwartier.} Rb8 14. Rac1 {
Na 8 minuten.} Nc8 (14... a6 {Lijkt iets nauwkeuriger. Tijdens de partij leek
me dit onnodig omdat ik dacht dat wit's volgende zet geen zin had. En
misschien is dat ook zo maar niet om de reden die ik dacht.}) 15. Bb5 {Na 9
minuten.} Re7 {Na 12 minuten. Michael nog een half uur, ik nog 49 minuten.} ({
Ik dacht eerst} 15... c6 $2 {maar die slaat wit natuurlijk met de loper.} 16.
Bxc6) 16. d6 {De zet die ik verwachtte, maar die levert niks op.} ({Een andere
mogelijkheid was} 16. Ne5 {Maar ook hier hoeft zwart zich geen zorgen te maken
na} Bxe5 17. dxe5 Rxe5 18. Bd3 Nd6) 16... cxd6 $2 {A tempo gespeeld omdat ik
tevoren had bedacht dat dit gedwongen was.} ({Ik moet spoken hebben gezien
want na} 16... Nxd6 {staat zwart minstens gelijk.}) 17. Nd5 Re6 {Na 8 minuten.}
18. Nc7 {Na 10 minuten.} Re7 19. Nd5 Re6 20. Rfe1 ({Een betere poging lijkt me
} 20. Nxf6+ Rxf6 21. Ng5 Ne7 22. Rfe1 $14) 20... Ne7 ({Veiliger was} 20... Bxf3
21. Qxf3 Bxd4) 21. Bc4 ({Hier had Michael moeten kiezen voor bovengenoemde
variant} 21. Nxf6+ Rxf6 22. Ng5) 21... Nxd5 22. Bxd5 Rxe1+ 23. Rxe1 Qd7 {
Met remiseaanbod.} 1/2-1/2

[Event "Caissa 2 - Kennemer 2  31/2-41/2"]
[Site "?"]
[Date "2019.03.16"]
[Round "7"]
[White "Witt, Rob"]
[Black "Bekedam, Tyro"]
[Result "1/2-1/2"]
[WhiteElo "2131"]
[BlackElo "2138"]
[Annotator "Witt"]
[PlyCount "58"]
[EventDate "2019.??.??"]

{Aan bod 2 trof ik zo'n enge 17-jarige jeugdspeler. In verband met rugklachten
speelde ik met pijnstillers. Dat speelt niet echt lekker. Mijn idee was om zo
solide mogelijk te spelen en dan remise aan te bieden.} 1. Nf3 d5 2. e3 Nf6 3.
c4 c6 4. b3 Bg4 5. Be2 {Misschien al onnauwkeurig.} Nbd7 6. Bb2 e6 7. O-O Bd6
8. Nc3 O-O 9. h3 Bh5 10. d4 Qe7 11. Rc1 (11. Ne5 Bxe2 12. Nxe2 $13) 11... Rad8
12. cxd5 $2 {Ik wist eigenlijk wel dat dit nooit de bedoeling kan zijn, maar
ik zag niets anders.} exd5 13. Nh4 Bxe2 14. Qxe2 Qe6 15. Nf3 Ne4 16. Nxe4 dxe4
17. Nd2 Rfe8 18. Nc4 Bc7 19. Qd2 Nb6 {Ik had het gevoel dat ik hier verloren
stond. In gedachten zag ik zwart al torens naar de koningsvleugel brengen en
ik zag eigenlijk geen verdediging. Na 20 minuten speelde ik maar} 20. Nxb6 axb6
21. f4 {en na 5 minuten sloeg Tyro niet en passant en speelde tot mijn
verrassing} Rd5 {Wit nog 3 kwartier, zwart nog een uur.} (21... exf3 22. Rxf3
Qd6 23. Qf2 {had ik willen proberen maar ik had er geen enkel vertrouwen in.})
22. Qf2 Qd6 {Gaat kennelijk iets met g5 doen.} 23. Bc3 f5 {Nee, toch niet.} (
23... g5 $1) 24. g3 Bd8 25. Qe1 Bf6 26. Rf2 Rd8 27. b4 Be7 28. Rb2 Qd7 {
Ik had geen idee wat zwart aan het doen is. Misschien wist hij dat zelf niet.}
29. Qe2 {Wit nog 15', zwart 37 minuten.} h6 {Hier verraste Tyro mij met een
remiseaanbod wat ik natuurlijk meteen aannam. De wedstrijd ging met 4½-3½
verloren, zodat we nog steeds niet helemaal veilig zijn.} 1/2-1/2